Tratado de Derecho internacional público / (Record no. 111403)

MARC details
000 -LEADER
campo de control de longitud fija 00786nam a2200217 i 4500
001 - NÚMERO DE CONTROL
campo de control 111403
003 - IDENTIFICADOR DE NÚMERO DE CONTROL
campo de control ES-MaACL
005 - FECHA Y HORA DE LA ÚLTIMA TRANSACCIÓN
campo de control 20251010183234.0
007 - CAMPO FIJO DE DESCRIPCIÓN FÍSICA--INFORMACIÓN GENERAL
campo de control de longitud fija t|
008 - DATOS DE LONGITUD FIJA--INFORMACIÓN GENERAL
campo de control de longitud fija 061121s1903 sp r ||||1| spa d
100 1# - ENTRADA PRINCIPAL--NOMBRE DE PERSONA
Nombre de persona Olivart, Ramón María de Dalmau,
Títulos y otros términos asociados al nombre Marqués de,
Fechas asociadas al nombre 1861-1928
9 (RLIN) 130617
245 10 - MENCIÓN DEL TÍTULO
Título Tratado de Derecho internacional público /
Mención de responsabilidad, etc. por el Marqués de Olivart ; con un prólogo Rafael Conde y Luque.
250 ## - MENCION DE EDICION
Mención de edición 4ª. ed. rev. y amp.
260 ## - PUBLICACIÓN, DISTRIBUCIÓN, ETC.
Lugar de publicación, distribución, etc. Madrid :
Nombre del editor, distribuidor, etc. [s.n.],
Fecha de publicación, distribución, etc. 1903 (
Fabricante Tip. Hijos de R. Alvarez)
300 ## - DESCRIPCIÓN FÍSICA
Extensión 2 v. ;
Dimensiones 22 cm.
500 ## - NOTA GENERAL
Nota general Son los tomos 1ª y 3ª.
650 07 - PUNTO DE ACCESO ADICIONAL DE MATERIA--TÉRMINO DE MATERIA
Término de materia o nombre geográfico como elemento de entrada Derecho internacional público
Fuente del encabezamiento o término embne
9 (RLIN) 11723
700 1# - ENTRADA AGREGADA--NOMBRE PERSONAL
Nombre de persona Conde y Luque, Rafael,
Fechas asociadas al nombre 1835-1922
9 (RLIN) 40134
852 ## - LOCALIZACIÓN
Ubicación ES-MaACL
Número de control de estantería B-13092-93
Holdings
Estatus retirado Estado de pérdida Estado de daño No para préstamo Biblioteca de origen Biblioteca actual Ubicación en estantería Fecha de adquisición Fuente de adquisición Total de préstamos Signatura topográfica completa Código de barras Visto por última vez Precio de reemplazo Tipo de ítem Koha
        Biblioteca del Ateneo de Madrid Biblioteca del Ateneo de Madrid Sala Pardo Bazán 17/01/2008     B-13092-93 1116223 23/02/2023 23/02/2023 Libro impreso